NBA All-Time Point Guards Stat Leaders - Statistics

General Stats
  • This quiz has been taken 385 times
  • The average score is 15 of 32
Answer Stats
Player % Correct
Jerry West
96%
Russell Westbrook
94%
Stephen Curry
93%
John Stockton
89%
Magic Johnson
89%
Chris Paul
86%
Jason Kidd
80%
Steve Nash
79%
Oscar Robertson
69%
Isiah Thomas
64%
Bob Cousy
60%
Gary Payton
60%
Damian Lillard
56%
Rajon Rondo
56%
Tony Parker
46%
Mark Jackson
42%
Gus Williams
40%
Kyle Lowry
36%
Walt Frazier
36%
John Wall
35%
Andre Miller
34%
Derek Harper
29%
Maurice Cheeks
28%
Terry Porter
20%
Rod Strickland
19%
Mookie Blaylock
17%
Lenny Wilkens
16%
Baron Davis
15%
Doc Rivers
12%
Eric Bledsoe
5%
Nate McMillan
5%
Shaun Livingston
3%
No matching quizzes found
Score Distribution
Percent of People with Each Score
Percentile by Number Answered
Your Score History
You have not taken this quiz